|
LDR
| 02217nam a2200577 a 4500 |
|---|
| 001 | 37027 |
|---|
| 003 | CZ-PrJAB |
|---|
| 005 | 20190208111433.0 |
|---|
| 007 | ta |
|---|
| 008 | 161102t20162016xr e 000 0 cze |
|---|
| 015 | | . |
‡acnb002844748 |
|---|
| 020 | | . |
‡a978-80-7255-375-4
‡q(brožováno) :
‡cKč 125,00 |
|---|
| 035 | | . |
‡a(CONS)14217 |
|---|
| 035 | | . |
‡a(CZ PrSKC)nkc20162844748 |
|---|
| 035 | | . |
‡a(OCoLC)970636505 |
|---|
| 040 | | . |
‡aBOA001
‡bcze
‡erda |
|---|
| 045 | | . |
‡ay-y- |
|---|
| 072 | | 7. |
‡a27
‡xKřesťanství. Křesťanská církev všeobecně. Eklesiologie
‡2Konspekt
‡95 |
|---|
| 082 | | . |
‡a297 |
|---|
| 100 | 1 | . |
‡aHošek, Pavel,
‡d1973-
‡7xx0022780
‡4aut |
|---|
| 245 | 1 | 0. |
‡aIslám jako výzva pro křesťany /
‡cPavel Hošek |
|---|
| 250 | | . |
‡aPrvní vydání |
|---|
| 264 | | 1. |
‡aPraha :
‡bNávrat domů, z.s.,
‡c2016. |
|---|
| 264 | | 4. |
‡c©2016 |
|---|
| 300 | | . |
‡a93 stran ;
‡c21 cm |
|---|
| 336 | | . |
‡atext
‡btxt
‡2rdacontent |
|---|
| 337 | | . |
‡abez média
‡bn
‡2rdamedia |
|---|
| 338 | | . |
‡asvazek
‡bnc
‡2rdacarrier |
|---|
| 504 | | . |
‡aObsahuje bibliografické odkazy |
|---|
| 520 | | . |
‡aPojednání českého protestantského teologa obsahující křesťanský pohled na islám a hledající křesťanské odpovědi na výzvy spojené se současným islámem. |
|---|
| 648 | | 7. |
‡a21. století
‡7ch460559
‡2czenas |
|---|
| 650 | 0 | 7. |
‡akřesťanství a islám
‡7ph115076
‡2czenas |
|---|
| 650 | 0 | 7. |
‡ahodnoty
‡7ph120778
‡xkřesťanské pojetí
‡2czenas |
|---|
| 650 | 0 | 7. |
‡akřesťanská morálka
‡7ph115061
‡2czenas |
|---|
| 650 | 0 | 7. |
‡anáboženská tolerance
‡7ph123375
‡2czenas |
|---|
| 650 | 0 | 7. |
‡amezináboženské vztahy
‡7ph122798
‡2czenas |
|---|
| 650 | 0 | 7. |
‡akřesťanská civilizace
‡7ph122091
‡y21. století
‡2czenas |
|---|
| 650 | 0 | 7. |
‡aislámská civilizace
‡7ph121212
‡y21. století
‡2czenas |
|---|
| 650 | 0 | 9. |
‡aChristianity and Islam
‡2eczenas |
|---|
| 650 | 0 | 9. |
‡avalues
‡xChrisitian approach
‡2eczenas |
|---|
| 650 | 0 | 9. |
‡aChristian morality
‡2eczenas |
|---|
| 650 | 0 | 9. |
‡areligious tolerance
‡2eczenas |
|---|
| 650 | 0 | 9. |
‡ainterfaith relations
‡2eczenas |
|---|
| 650 | 0 | 9. |
‡aChristian civilization
‡y21st century
‡2eczenas |
|---|
| 650 | 0 | 9. |
‡aIslamic civilization
‡y21st century
‡2eczenas |
|---|
| 655 | | 7. |
‡apojednání
‡7fd133056
‡2czenas |
|---|
| 655 | | 9. |
‡aessays
‡2eczenas |
|---|
| 852 | 4 | . |
‡bETS
‡bETS
‡cVolný výběr
‡j297
‡p424470016942
‡y$50.00 |
|---|
| 910 | | . |
‡aABG450 |
|---|
| 999 | | . |
‡a14217
‡c14217
‡tbiblio |
|---|
| 905 | | . |
‡uadmin |
|---|
| 901 | | . |
‡a37027
‡b
‡c37027
‡tbiblio
‡sets |
|---|